| 000 | 00729nam a2200145Ia 4500 | ||
|---|---|---|---|
| 008 | 100415s9999 xx 000 0 und d | ||
| 082 |
_b10870 _a598.2(60) |
||
| 100 | _aARCHER, GEOFFREY | ||
| 245 | _aThe Birds of British Somaliland and the Gulf of Aden : Their Life Histiries, Breeding, Habits and Eggs Vol I and II: Accn. No. 10862 Vol I | ||
| 260 |
_aLONDON _c1937 _bGURNEY AND JACKSON |
||
| 365 | _b0 | ||
| 630 | _aThe Birds of British Somaliland and the Gulf of Aden : Their Life Histiries, Breeding, Habits and Eggs Vol I and II: Accn. No. 10862 Vol I | ||
| 730 | _aThe Birds of British Somaliland and the Gulf of Aden : Their Life Histiries, Breeding, Habits and Eggs Vol I and II: Accn. No. 10862 Vol I | ||
| 942 | _cBOOK | ||
| 999 |
_c593796 _d593793 |
||